00842cam a2200241u 450000100060000000300080000600500170001400800390003103500190007004000240008904100080011308200210012110001180014224500950026026000360035530000310039150400190042265000280044165000260046965000410049570000420053674000220057828736BD-RjUL20211209051325.0140331s1951 enk 001 0 eng a(BD-RjUL)28818 aDLCcCarPdDLCbeng aeng a891.51bKAM 19512 aKaykāvūs ibn Iskandar ibn Qābūs, ʻUnṣur al-Maʻālī,d1021 or 1022-1098 or 1099. [from old catalog]12aA mirror for princes /cKaykāvūs ibn Iskandar ibn Qābūs, ʻUnṣur al-Maʻālī, aLondon :bCresset Press,c1951. axxi, [1], 265 p. :c23 cm. aIncludes index 0aYouthxConduct of life. 0aEducation of princes. 0aIslamic ethicsvEarly works to 1800.1 aLevy, Reuben, [from old catalog]etr. aQābūs nāma.